00600 2200217 4500001002100000005001500021035002000036007000300056008004100059020002200100082001200122084001800134100002000152245006500172260004500237300002900282650002900311700001800340990001200358990001200370INLIS00000000000190320180416123158 a0010-0418000060ta180416 g 0 ind  a978-602-03-0896-8 a910.202 a910.202 JEA b0 aJEAN, Anastasia1 aBertualang ke Taiwan /cJean Anastasia; editor, Gita Savitri aJakarta :bGramedia Pustaka Utama,c2014 a177 hlm :bilus ;c20 cm aPARIWISATA-BUKU PETUNJUK0 aGITA, Savitri a16766 a a16766 b